Extractive Industries Social Licensing and Corporate Social Responsibility (Record no. 43514)

MARC details
000 -LEADER
fixed length control field 00483nam a22001697a 4500
005 - DATE AND TIME OF LATEST TRANSACTION
control field 20250401170929.0
008 - FIXED-LENGTH DATA ELEMENTS--GENERAL INFORMATION
fixed length control field 250401b |||||||| |||| 00| 0 eng d
020 ## - INTERNATIONAL STANDARD BOOK NUMBER
International Standard Book Number 9781835491270
041 ## - LANGUAGE CODE
Language code of text/sound track or separate title eng
082 ## - DEWEY DECIMAL CLASSIFICATION NUMBER
Classification number 338.230 SAE
100 ## - MAIN ENTRY--PERSONAL NAME
Author Saenz, Cesar
245 ## - TITLE STATEMENT
Title Extractive Industries Social Licensing and Corporate Social Responsibility
260 ## - PUBLICATION, DISTRIBUTION, ETC.
Place UK
Publisher Emerald Publishing
Publication Year 2024
300 ## - PHYSICAL DESCRIPTION
Extent 131;. pages: 23 cm
650 ## - SUBJECT ADDED ENTRY--TOPICAL TERM
Subject Mineral Industries; Communities
942 ## - ADDED ENTRY ELEMENTS (KOHA)
Koha item type Books
Holdings
Withdrawn status Lost status Source of classification or shelving scheme Damaged status Not for loan Home library Current library Shelving location Accession Date Vendor Price Bill number Total Checkouts Full call number Barcode No Date last seen Discount Bill Date Koha item type Suggested By
    Dewey Decimal Classification     IMTN IMTN Rack 11-B 03/26/2025 Raghav Books Private Limited 8347.50 2374   338.230 SAE 33795 04/01/2025 33 02/14/2025 Books Dr. Mantha Raghu (Head Librarian)
Designed & Maintained by: LRC IMT Nagpur Contact: lrc@imtnag.ac.in© 2024. All Rights Reserved.